Outcomes-based worktext in basic drawing for grade 4 learners (Record no. 15795)

MARC details
000 -LEADER
fixed length control field 00830nam a22002417a 4500
005 - DATE AND TIME OF LATEST TRANSACTION
control field 20220117143125.0
008 - FIXED-LENGTH DATA ELEMENTS--GENERAL INFORMATION
fixed length control field 200117b ||||| |||| 00| 0 eng d
041 ## - LANGUAGE CODE
Language code of text/sound track or separate title eng
043 ## - GEOGRAPHIC AREA CODE
Geographic area code a-ph---
050 14 - LIBRARY OF CONGRESS CALL NUMBER
Classification number LC1031
Item number .D493 2018
100 ## - MAIN ENTRY--PERSONAL NAME
Personal name De Vera, Vince Anthony B.
245 ## - TITLE STATEMENT
Title Outcomes-based worktext in basic drawing for grade 4 learners
260 ## - PUBLICATION, DISTRIBUTION, ETC.
Date of publication, distribution, etc. December 2018
300 ## - PHYSICAL DESCRIPTION
Extent 102 leaves :
Other physical details illustrations ;
Dimensions 28 cm
336 ## - CONTENT TYPE
Source rda content
Content type term text
337 ## - MEDIA TYPE
Source rda media
Media type term unmediated
338 ## - CARRIER TYPE
Source rda carrier
Carrier type term volume
502 ## - DISSERTATION NOTE
Dissertation note Thesis
Degree type Master of Arts in Teaching major in Technology and Livelihood Education
Name of granting institution Universty of Rizal System-Morong
Year degree granted 2018
650 #0 - SUBJECT ADDED ENTRY--TOPICAL TERM
Topical term or geographic name entry element Competency-based education
650 #0 - SUBJECT ADDED ENTRY--TOPICAL TERM
Topical term or geographic name entry element Basic drawing--Study and teaching.
700 ## - ADDED ENTRY--PERSONAL NAME
Personal name Cruz, Erich D.
Relator term degree supervisor
942 ## - ADDED ENTRY ELEMENTS (KOHA)
Source of classification or shelving scheme Library of Congress Classification
Koha item type Theses and dissertations
Holdings
Withdrawn status Source of classification or shelving scheme Damaged status Not for loan Collection code Home library Current library Date acquired Total Checkouts Full call number Barcode Date last seen Copy number Price effective from Koha item type
  Library of Congress Classification     Reference Morong Graduate Library Morong Graduate Library 01/17/2020   LC1031 .D493 2018 URSMOR-GL-00326 01/17/2020 1 04/07/2021 Theses and dissertations
  Library of Congress Classification     Reference Morong Graduate Library Morong Graduate Library 01/17/2020   LC1031 .D493 2018 URSMOR-GL-00327 01/17/2020 2 04/07/2021 Theses and dissertations

University of Rizal System
Email us at univlibservices@urs.edu.ph

Visit our Website www.urs.edu.ph/library